| 000 | 00882nam a2200253 i 4500 | ||
|---|---|---|---|
| 001 | 172945 | ||
| 003 | ES-MaACL | ||
| 005 | 20250303062550.0 | ||
| 008 | 090917q1899 sp |||| | spa d | ||
| 080 | _a821.134.2-92"18" | ||
| 100 | 1 |
_aPardo Bazán, Emilia, _cCondesa de, _d1851-1921 _9176434 |
|
| 245 | 1 | 0 |
_aAl pie de la torre Eiffel / _cEmilia Pardo Bazán. |
| 260 |
_aMadrid : _b[s.n., _c1899?] ( _fEstab. Tip. de Idamor Moreno) |
||
| 300 |
_a316 p. ; _c18 cm. |
||
| 490 | 1 |
_aObras completas ; _v19 |
|
| 530 | _aDisponible en formato digital. | ||
| 611 | 2 |
_aExposición Universal. _d1889. _cParís) _9135154 |
|
| 651 | 4 |
_aParís- _xDescripción. _99207 |
|
| 830 | 0 |
_aObras completas ; _v19 _9176447 |
|
| 852 |
_aES-MaACL _jZ-105 |
||
| 856 |
_uhttp://bdh-rd.bne.es/viewer.vm?id=0000083467&page=1 _zBiblioteca Digital Hispánica |
||
| 942 | _2udc | ||
| 999 |
_c172945 _d172945 |
||